Tennessee Cities A-Z - Statistics

General Stats
  • This quiz has been taken 83 times
    61 since last reset
  • The average score is 10 of 20
Answer Stats
Population Municipality or CDP % Correct
K 190,740 Knoxville
94%
N 689,447 Nashville
94%
M 633,104 Memphis
92%
C 181,099 Chattanooga
88%
J 71,046 Johnson City
79%
F 83,454 Franklin
77%
B 57,786 Bartlett
60%
H 61,753 Hendersonville
54%
S 53,070 Smyrna
52%
G 44,431 Gallatin
50%
O 31,402 Oak Ridge
48%
D 16,164 Dyersburg
31%
U 11,170 Union City
29%
E 22,167 East Ridge
27%
L 38,719 La Vergne
21%
T 20,339 Tullahoma
21%
P 13,156 Portland
19%
A 14,549 Arlington
17%
W 12,982 White House
17%
R 11,899 Red Bank
15%
No matching quizzes found
Score Distribution
Percent of People with Each Score
Percentile by Number Answered
Your Score History
You have not taken this quiz since the last reset